| 000 | 00679nam a2200253Ia 4500 | ||
|---|---|---|---|
| 003 | OSt | ||
| 005 | 20220928124101.0 | ||
| 006 | a|||||r|||| 00| 0 | ||
| 007 | ta | ||
| 008 | 220927b |||||||| |||| 00| 0 eng d | ||
| 024 | _a30764 | ||
| 037 | _cTextual | ||
| 040 |
_aSDCL _cSDCL _beng |
||
| 041 |
_2eng _aeng |
||
| 082 | _aL:6, M9 | ||
| 100 |
_aMaxson Linda R _9463295 |
||
| 245 | 0 |
_aGenetics _b A human perspective. |
|
| 250 | _a2 | ||
| 260 |
_aDubuque _bWCB Publishers _c1989 |
||
| 300 |
_axv,387p. _ccm. |
||
| 700 |
_a Daugherty Charles H _9463296 |
||
| 942 |
_hL:6, M9 _cTEXL _2CC |
||
| 999 |
_c776226 _d776226 |
||